000 00345nam a2200097Ia 4500
008 220203s9999 xx 000 0 und d
245 0 _aFacilities for Rubber Products Development and Testing at Rubber Research Institute of India
260 _bRubber Research Institute of India
_aKottayam
650 _aLatex Harvesting Technology
942 _cPN
999 _c45171
_d45171